00821nam a2200217Ia 4500003000900000008004100009020001800050040001600068080001500084100002800099245016000127260003300287300001400320650003300334650004100367650003800408650002500446942000700471999001500478952011000493IN-BaIIA211028s9999 xx 000 0 eng d a0-08-021031-7 cIIA Library a52-77bPAC aPacholczyk, A. G.96715 0aRadio galaxiesbradiation transfer, dynamics, stability and evolution of a synchroton plasmonc A. G. Pacholczyk  aOxfordbPergamon Pressc1977 axi, 293p. aActive galactic nuclei96209 aAstronomy and astrophysics thesaurus aExtragalactic radio sources93899 aRadio galaxies96716 cBK c5571d5571 00104070aBANbBANcGENd1977-09-30l1o52-77/ PACp6238r2025-01-28s2025-01-28w1977-09-30yBK 25.00